01306nam a2200253 a 450000100100000000500170001000800410002704000250006808200200009310000290011324501340014226000610027630000280033750400280036559000250039365000300041870000330044891000370048195201330051895201180065195201330076995201330090299900170103500001657820240830200233.0100308s1991 dr a 000 0 spa d aDO-SdBNPbspacBNPHU a617.1027bR457m1 aReyes C., Roberto93686410aMedicina deportiva :bbases fisiológicas de la educación física y los deportes /cRoberto Reyes C. ; prólogo Faisal Abel. aSanto Domingo :bOffset Serigrafía Rodríguez,c1991. a245 p. :bil. ;c22 cm. aBibliografía: p. 245. aInventariado,2018/DG 0aMedicina deportiva9368651 aAbel, Faisalepról.936866 aValidado. Control de calidad EMS 001154708DSaGRbGRcMId2014-04-30iLF1l0o617.1027 R457mp16578-50r2020-06-25te. 4w2020-06-25yLFDSZPréstamo en sala 0010718PDaPDbPDcHDd2010-03-08iLF1l0o617.1027 R457mp16578-10r2020-06-25w2020-06-25yLFPDZNo se presta 001052728PDaPDbPDcHDd2013-04-22iLF1l0o617.1027 R457mp16578-30r2020-06-25te. 2w2020-06-25yLFPDZPréstamo interno 001052708DSaPDbPDcHDd2013-04-22iLF1l0o617.1027 R457mp16578-40r2020-06-25te. 3w2020-06-25yLFDSZPréstamo interno c16111d16111